000
00299nam a22001337a 4500
008
170825b xxu||||| |||| 00| 0 eng d
020
_a
9780138272968
041
_a
eng
080
_a
070
100
_a
39
101
_a
MED
245
_a
SPEECH EXPLORING COMUNICATION
_c
REGIS.J
942
_2
udc
_c
BK
999
_c
24995
_d
24995